Historia, Geografía y Ciencias Sociales 3º Básico: guía didáctica del docente

Zapisane w:
Opis bibliograficzny
Główni autorzy: Gumucio Castellón, Andrea (Autor), Pozo Jeria, Carla Alejandra (Autor), Steinmetz Rodríguez, Katherina Annabella (Autor)
Format: Książka
Język:hiszpański
Wydane: Santiago Santillana del Pacífico S. A 2013
Wydanie:3a. ed
Hasła przedmiotowe:
Etykiety: Dodaj etykietę
Nie ma etykietki, Dołącz pierwszą etykiete!

MARC

LEADER 00000cam a2200000 a 4500
001 UCD9774
003 CL-VaPUC
008 170709e20130000cl |||||||||||||||||spa|d
020 |a 9789561523302 
082 0 4 |a 372.89  |b GUM  |2 21 
100 |a Gumucio Castellón, Andrea  |e author  |9 593523 
700 0 |a Pozo Jeria, Carla Alejandra  |e author  |9 593443 
700 0 |a Steinmetz Rodríguez, Katherina Annabella  |e author  |9 593444 
245 1 0 |a Historia, Geografía y Ciencias Sociales 3º Básico: guía didáctica del docente 
250 |a 3a. ed 
300 |a 192 p 
942 |c BK 
945 |d 20170709 17:01:00  |a dcastane 
260 |a Santiago  |b Santillana del Pacífico S. A  |c 2013 
650 0 |a Enseñanza de la geografía  |9 310005 
650 0 |a Enseñanza de la historia   |9 307330 
650 0 |a Enseñanza de las ciencias sociales  |9 337823 
650 0 |a Métodos de enseñanza  |9 270413 
650 0 |a Libros de texto  |9 270019 
583 |a last modification  |c 20170709 17:01:00  |k Rodrigo Vera 
999 |c 368793  |d 368791 
952 |0 0  |1 0  |3 erb  |4 0  |6 372_890000000000000_GUM_2013  |7 0  |8 A  |9 484233  |a BIBEDU  |b BIBEDU  |i 5404770  |o 372.89 GUM 2013  |p 5404770  |r 2019-11-24  |w 2019-11-24  |y BK  |z Catalogado en:20170709  |k EPE